• 首页
  • 本馆介绍
  • 公告通知
  • 最新文献
  • 馆藏检索
  • 电子资源
  • 读者导购
  • 参考咨询
  • 我的图书馆
  • 登录
  • 详细信息显示
  • 放入我的书架
  • 预约/预借图书
  • 作者相关作品
  • 分类相关作品
  • 丛书相关作品
  • 出版社相关作品

书目信息

  • 表格格式
  • 工作单格式
  • 卡片格式
题名:
媒体的未来
    
 
作者: 卡热 著 ;洪晖 , 申华明 译
分册:  
出版信息: 北京   中信出版集团股份有限公司  2018
页数: 121页
开本: 21cm
丛书名:
单 册:
中图分类: G206.3
科图分类:
主题词: 媒体(新闻)--产业经济学
电子资源:
ISBN: 978-7-5086-8695-0
000 01549nam0 2200289 450
001 0035670714
005 20180801161951.0
010    @a978-7-5086-8695-0@b精装@dCNY39.00
100    @a20180522d2018 em y0chiy50 ea
101 1  @achi@cfre
102    @aCN@b110000
105    @ay z 000yy
200 1  @a媒体的未来@9mei ti de wei lai@dSauver les médias@e数字时代的困境与重生@ecapitalisme, financement participatif et démocratie@f(法)朱莉娅·卡热(Julia Cagé)著@g洪晖,申华明译@zfre
210    @a北京@c中信出版集团股份有限公司@d2018
215    @a121页@d21cm
300    @a法国驻华大使馆的傅雷出版资助计划资助出版
330    @a本书以法国媒体为例,探讨了欧美媒体遭遇的发展困境和生存危机,并给出了媒体运作的新模式。《媒体的未来》提出,拯救媒体的重点既不是关注“纸媒消亡”,也不是寄希望于数字付费,而是建立一个非营利性的媒体组织。这种组织形式介于基金会和股份公司之间,可以依靠读者、员工和包括众筹在内的新型融资方式保持自身的独立性,使其避免成为赚取商业利益的工具,从而使得媒体有精力和能力重新制作出高质量的资讯。对于处于转型探索时期的广大媒体来说,《媒体的未来》所提出的解决方案具有极大的参考价值。
510 1  @aSauver les médias@ecapitalisme, financement participatif et démocratie@zfre
517 1  @a数字时代的困境与重生@9shu zi shi dai de kun jing yu chong sheng
606 0  @a媒体(新闻)@x产业经济学
690    @aG206.3@v5
701  0 @c(法)@a卡热@9ka re@c(Cagé, Julia)@4著
702  0 @a洪晖@9hong hui@4译
702  0 @a申华明@9shen hua ming@4译
801  0 @aCN@bMUSE@c20181206
905    @aBZT@dG206.3@e3
906    @dCNY39.00@n3@r1
    
    媒体的未来=Sauver les médias:数字时代的困境与重生:capitalisme, financement participatif et démocratie/(法)朱莉娅·卡热(Julia Cagé)著/洪晖,申华明译.-北京:中信出版集团股份有限公司,2018
    121页;21cm
    法国驻华大使馆的傅雷出版资助计划资助出版
    
    ISBN 978-7-5086-8695-0(精装):CNY39.00
    本书以法国媒体为例,探讨了欧美媒体遭遇的发展困境和生存危机,并给出了媒体运作的新模式。《媒体的未来》提出,拯救媒体的重点既不是关注“纸媒消亡”,也不是寄希望于数字付费,而是建立一个非营利性的媒体组织。这种组织形式介于基金会和股份公司之间,可以依靠读者、员工和包括众筹在内的新型融资方式保持自身的独立性,使其避免成为赚取商业利益的工具,从而使得媒体有精力和能力重新制作出高质量的资讯。对于处于转型探索时期的广大媒体来说,《媒体的未来》所提出的解决方案具有极大的参考价值。
●
相关链接 在五车中查询图书 在当当中查询图书 在豆瓣中查询图书


正题名:媒体的未来     索取号:G206.3/3         预约/预借

序号 登录号 条形码 馆藏地/架位号 状态 备注
1 857892   2000857892   第二书库/ [索取号:G206.3/3] 在馆    
2 857893   2000857893   第二书库/ [索取号:G206.3/3] 在馆    
3 857894   2000857894   第二书库/ [索取号:G206.3/3] 在馆    
山东省滨州职业学院图书馆 欢迎您!
大连网信软件有限公司© 版权所有